[Event "DRUZYNOWE MISTRZOSTWA POLSKI - II LIGA 2018"]
[Site "Jastrzebia Gora"]
[Date "1899-12-30"]
[Round "4.55"]
[White "Kozak, Antoni"]
[Black "Nowicki, Bartosz"]
[Result "0-1"]
[WhiteTitle "k"]
[BlackTitle "k++"]
[WhiteElo "2231"]
[BlackElo "2275"]

1. e4 d6 2. d4 g6 3. Nc3 Bg7 4. f4 a6 5. Nf3 b5 6. Bd3 Bb7 7. Ne2 c5 8. c3 Nd7
9. O-O Ngf6 10. e5 Nd5 11. e6 fxe6 12. Ng5 Nf8 13. dxc5 dxc5 14. Qc2 Qb6 15. Be4
Nf6 16. Bxb7 Qxb7 17. a4 b4 18. cxb4 cxb4 19. a5 h6 20. Nf3 N6d7 21. Be3 Rc8 22.
Qd3 Nc5 23. Bxc5 Rxc5 24. Qe3 Rd5 25. Ne5 g5 26. Qf3 gxf4 27. Qh5+ Kd8 28. Rfd1
Nd7 29. Nf7+ Kc7 30. Rac1+ Kb8 31. Rxd5 Qxd5 32. Qxd5 exd5 33. Nxh8 Bxh8 34. Nxf4
Bd4+ 35. Kh1 Be3 36. Rf1 Nf6 37. g3 Kc7 38. Re1 d4 39. Ng2 Nd5 40. Nxe3 Nxe3 41.
Rxe3 dxe3 42. Kg2 Kd6 43. Kf3 Kd5 44. Kxe3 Kc4 45. g4 Kb3 46. h4 Kxb2 47. g5 hxg5
48. hxg5 b3 49. g6 Ka3 50. g7 b2 51. g8=Q b1=Q 52. Qc8 Qb3+ 53. Kd2 Qb4+ 54. Kc2
Qb2+ 55. Kd1 Qb5 56. Qc1+ Kb4 57. Qf4+ Qc4 58. Qb8+ Kc3 59. Ke1 e6 60. Kf2 Kd4
61. Qb6+ Ke4 62. Qb7+ Kd3 63. Qf3+ Kc2 64. Qb7 e5 65. Qb6 e4 66. Ke1 Qc3+ 67.
Kf2 Qf3+ 68. Ke1 Qd1+ 69. Kf2 Qd2+ 70. Kg3 e3 71. Qg6+ Qd3 72. Qc6+ Kd2 73. Qh6
Kc2 74. Qc6+ Qc3 75. Qe4+ Kd2 76. Qd5+ Qd3 77. Qa2+ Ke1 78. Qa1+ Qd1 79. Qh8 Qd3
80. Qa1+ Ke2 81. Qa2+ Qd2 82. Qa4 Qe1+ 83. Kg2 Qf2+ 84. Kh1 Qf3+ 85. Kg1 Qg3+
86. Kh1 Qe1+ 87. Kg2 Qd2 88. Kg3 Kf1 89. Qc4+ Kg1 90. Qc5 Qf2+ 91. Kh3 e2 92.
Qg5+ Kf1 93. Qc1+ e1=Q 94. Qc4+ Qfe2 95. Qf4+ Kg1 96. Qg5+ Kh1 97. Qe5 0-1

[Event "DRUZYNOWE MISTRZOSTWA POLSKI - II LIGA 2018"]
[Site "Jastrzebia Gora"]
[Date "1899-12-30"]
[Round "4.56"]
[White "Parol, Pawel"]
[Black "Sendera, Jaroslaw"]
[Result "0-1"]
[WhiteTitle "k"]
[BlackTitle "FM"]
[WhiteElo "2157"]
[BlackElo "2269"]

1. d4 Nf6 2. c4 g6 3. g3 Bg7 4. Bg2 O-O 5. Nc3 d6 6. Nf3 c6 7. O-O Bf5 8. Re1 Ne4
9. Nd2 Nxc3 10. bxc3 Qc8 11. Qb3 Nd7 12. Ba3 Bh6 13. f4 Be6 14. Qc2 Nf6 15. e4
Re8 16. Qd3 Bh3 17. Bh1 Qc7 18. Nf3 d5 19. Ng5 Bxg5 20. fxg5 Nxe4 21. Bxe4 dxe4
22. Qxe4 Qa5 23. Bb4 Qxg5 24. Qe3 Qxe3+ 25. Rxe3 Be6 26. a3 Bxc4 27. Bxe7 f5 28.
Re5 Kf7 29. Rae1 h6 30. Kf2 Rac8 31. Bd6 Rxe5 32. Bxe5 Rd8 33. Rb1 b5 34. Re1
Rd7 35. Ke3 Bd5 36. Ra1 a6 37. Rf1 Be6 38. Ra1 Bb3 39. Rb1 Bc4 40. Rg1 Be6 41.
Ra1 a5 42. Rb1 Bc4 43. Re1 Bd5 44. Rf1 Be4 45. Kd2 Ke6 46. Kc1 Kd5 47. Kb2 Kc4
48. Rf2 g5 49. h3 Rf7 50. h4 Kd3 51. hxg5 hxg5 52. Rh2 f4 53. gxf4 gxf4 54. Bd6
f3 55. Bg3 Rg7 56. Bf2 a4 57. Kc1 Rg2 58. Rxg2 fxg2 59. Kd1 Kxc3 60. Ke2 Bd5 61.
Be3 Kb3 62. Kf2 b4 63. axb4 a3 0-1

[Event "DRUZYNOWE MISTRZOSTWA POLSKI - II LIGA 2018"]
[Site "Jastrzebia Gora"]
[Date "1899-12-30"]
[Round "4.57"]
[White "Mika, Tomasz"]
[Black "Graczyk, Damian"]
[Result "1-0"]
[WhiteTitle "I++"]
[BlackTitle "k"]
[WhiteElo "2141"]
[BlackElo "2122"]

1. d4 Nf6 2. Bf4 d5 3. e3 c6 4. c3 Bf5 5. Nd2 e6 6. Ngf3 Nbd7 7. Be2 h6 8. h3 Be7
9. O-O O-O 10. c4 dxc4 11. Nxc4 Nb6 12. Na5 Nbd5 13. Nxb7 Qb6 14. Nc5 Nxf4 15.
exf4 Bxc5 16. dxc5 Qxc5 17. Ne5 Qb4 18. Qc1 Be4 19. a3 Qb6 20. b4 Bd5 21. Bd3
a5 22. Qc3 axb4 23. axb4 Rxa1 24. Rxa1 Rb8 25. Ra6 Qb7 26. Qa3 Be4 27. Bxe4 Nxe4
28. Nxc6 Rc8 29. b5 Kh8 30. Qb4 f5 31. f3 Nf6 32. Kh2 Nd5 33. Qc5 Qc7 34. g3 Qf7
35. Qd4 Nc7 36. Ra7 e5 37. Nxe5 Qb3 38. Rxc7 Qa2+ 39. Kg1 Qb1+ 40. Kf2 Qa2+ 41.
Ke3 Qb3+ 42. Nd3 Qe6+ 43. Kf2 Qa2+ 44. Kf1 Qb1+ 45. Ne1 Qxb5+ 46. Kg1 Rxc7 47.
Qd8+ Kh7 48. Qxc7 Qe2 49. Qc3 Qd1 50. Kh2 Qe2+ 51. Ng2 Qe6 52. Qe5 Qd7 53. Qe2
g6 54. h4 h5 55. Ne1 Kh6 56. Nd3 Qb5 57. Qb2 Qe8 58. Ne5 Kh7 59. Qb7+ Kg8 60.
Qc6 1-0

[Event "DRUZYNOWE MISTRZOSTWA POLSKI - II LIGA 2018"]
[Site "Jastrzebia Gora"]
[Date "1899-12-30"]
[Round "4.58"]
[White "Smolka, Marcin"]
[Black "Walentukiewicz, Michal"]
[Result "1-0"]
[WhiteTitle "k"]
[BlackTitle "CM"]
[WhiteElo "2194"]
[BlackElo "2064"]

1. e4 e6 2. d4 d5 3. Nc3 dxe4 4. Nxe4 Bd7 5. Nf3 Bc6 6. Bd3 Bxe4 7. Bxe4 c6 8.
O-O Nf6 9. Bd3 Bd6 10. c4 Nbd7 11. h3 Qc7 12. Qe2 O-O-O 13. Rb1 Rhe8 14. Ng5 Re7
15. f4 h6 16. Ne4 Nxe4 17. Bxe4 Ree8 18. b4 Nf6 19. Bd3 Bf8 20. Be3 g6 21. Rfd1
Nh5 22. Qf2 Bd6 23. b5 Bxf4 24. bxc6 Bh2+ 25. Kh1 b6 26. c5 Rd5 27. g4 Bg3 28.
Qf3 Ng7 29. Kg2 Bh4 30. Bf4 e5 31. Qxd5 exf4 32. Qd7+ Qxd7 33. cxd7+ Kxd7 34.
Bb5+ Kc7 35. cxb6+ axb6 36. Rdc1+ Kb7 37. Bc6+ Ka7 38. Bxe8 Nxe8 39. Rc6 Nf6 40.
Rcxb6 1-0

[Event "DRUZYNOWE MISTRZOSTWA POLSKI - II LIGA 2018"]
[Site "Jastrzebia Gora"]
[Date "1899-12-30"]
[Round "4.59"]
[White "Sondej, Dominik"]
[Black "Rykala, Monika"]
[Result "1/2-1/2"]
[WhiteTitle "I"]
[BlackTitle "I++"]
[WhiteElo "1875"]
[BlackElo "1908"]

1. Nf3 Nf6 2. d3 g6 3. e4 c5 4. g3 Bg7 5. Bg2 O-O 6. O-O e6 7. Re1 d5 8. e5 Nfd7
9. Bf4 Nc6 10. Nbd2 h6 11. h4 Qc7 12. Qe2 b6 13. c4 d4 14. Ne4 Ba6 15. Nf6+ Kh8
16. h5 Bb7 17. hxg6 fxg6 18. Nh4 Ne7 19. Bh3 Qc6 20. Bg2 Qc8 21. Bh3 Qc6 22. Bg2
Qc8 23. Bh3 Qc6 24. Bg2 Qc8 1/2-1/2

[Event "DRUZYNOWE MISTRZOSTWA POLSKI - II LIGA 2018"]
[Site "Jastrzebia Gora"]
[Date "1899-12-30"]
[Round "4.60"]
[White "Parol, Pola"]
[Black "Cyboran, Katarzyna"]
[Result "1-0"]
[WhiteTitle "WFM"]
[BlackTitle "I++"]
[WhiteElo "2108"]
[BlackElo "1825"]

1. e4 c5 2. Nf3 e6 3. d4 cxd4 4. Nxd4 a6 5. c4 b6 6. Nc3 Bb7 7. Be2 d6 8. O-O Nd7
9. Be3 Ngf6 10. f3 Qc7 11. Qd2 Be7 12. Rfc1 O-O 13. a4 Rac8 14. b4 d5 15. exd5
exd5 16. Nxd5 Nxd5 17. cxd5 Qd6 18. Nf5 Qxb4 19. d6 Rxc1+ 20. Rxc1 Bxd6 21. Nxd6
Qxd2 22. Bxd2 Bd5 23. Bxa6 Nc5 24. Bb5 Nb3 25. Rd1 Rd8 26. Bb4 Be6 27. Rd3 1-0

[Event "DRUZYNOWE MISTRZOSTWA POLSKI - II LIGA 2018"]
[Site "Jastrzebia Gora"]
[Date "1899-12-30"]
[Round "4.61"]
[White "Kumala, Aleksander"]
[Black "Dlugosz, Jedrzej"]
[Result "1/2-1/2"]
[WhiteTitle "k"]
[BlackTitle "m"]
[WhiteElo "2197"]
[BlackElo "2367"]

1. d4 c5 2. c3 Nf6 3. Nf3 e6 4. Bf4 b6 5. e3 Bb7 6. Nbd2 Be7 7. h4 Nc6 8. Bd3 d6
9. Qe2 a6 10. Rd1 b5 11. Bg3 Qb6 12. a4 c4 13. Bc2 Na5 14. e4 b4 15. e5 dxe5 16.
Nxe5 bxc3 17. bxc3 Qb2 18. Ndxc4 Qxc3+ 19. Kf1 Nxc4 20. Nxc4 Rc8 21. Bd3 Be4 22.
Nd6+ Bxd6 23. Bxd6 Bxd3 24. Rxd3 Qa1+ 25. Rd1 Rc1 26. Rxc1 Qxc1+ 27. Qe1 Qxe1+
28. Kxe1 Kd7 29. Be5 Rc8 30. Kd2 Ne4+ 31. Ke3 Nd6 32. Kd3 f6 33. Bxd6 Kxd6 34.
Rb1 Ke5 35. Ke4+ 1/2-1/2

[Event "DRUZYNOWE MISTRZOSTWA POLSKI - II LIGA 2018"]
[Site "Jastrzebia Gora"]
[Date "1899-12-30"]
[Round "4.62"]
[White "Wyczling, Bartosz"]
[Black "Kasperek, Ryszard"]
[Result "1-0"]
[WhiteTitle "k"]
[BlackTitle "m"]
[WhiteElo "2216"]
[BlackElo "2172"]

1. d4 Nf6 2. c4 e6 3. Nc3 Bb4 4. Qc2 c5 5. dxc5 O-O 6. a3 Bxc5 7. Nf3 b6 8. Bf4
Bb7 9. e3 Nh5 10. Bg5 Be7 11. Bxe7 Qxe7 12. Be2 Nf6 13. O-O Nc6 14. Rfd1 Rac8
15. e4 d6 16. b4 Rfd8 17. Qb3 Nb8 18. e5 dxe5 19. Nxe5 Qc7 20. f4 a6 21. Na4 Nc6
22. Qe3 Nxe5 23. fxe5 Qc6 24. Rxd8+ Rxd8 25. Bf3 Qxa4 26. Qxb6 Rf8 27. Qxb7 Ne8
28. Bc6 Qb3 29. Bxe8 Rxe8 30. Rf1 Rf8 31. Qxa6 Qe3+ 32. Kh1 Qe2 33. Rg1 h5 34.
Qc6 h4 35. h3 Rd8 36. c5 Qxe5 37. Qf3 Rd2 38. Rf1 f6 39. Rb1 Rc2 40. a4 Rc3 41.
Qg4 g5 42. Rf1 Kg7 43. b5 Kg6 44. b6 f5 45. Qb4 g4 46. b7 gxh3 47. Qxc3 Qxc3 48.
b8=Q hxg2+ 49. Kxg2 Qd2+ 50. Kg1 Qe3+ 51. Rf2 Qe1+ 52. Kg2 h3+ 53. Kxh3 Qxf2 54.
Qg3+ Qxg3+ 55. Kxg3 1-0

[Event "DRUZYNOWE MISTRZOSTWA POLSKI - II LIGA 2018"]
[Site "Jastrzebia Gora"]
[Date "1899-12-30"]
[Round "4.63"]
[White "Cajbel, Maciej"]
[Black "Piliczewski, Bogusz"]
[Result "1/2-1/2"]
[WhiteTitle "k"]
[BlackTitle "I+"]
[WhiteElo "2187"]
[BlackElo "2042"]

1. c4 c6 2. e4 d5 3. exd5 cxd5 4. cxd5 Nf6 5. Nc3 Nbd7 6. Nf3 a6 7. d4 Nb6 8. Ne5
Nfxd5 9. Bd3 g6 10. Be4 Be6 11. O-O Bg7 12. f4 Nxc3 13. bxc3 Bd5 14. Bd3 O-O 15.
Qe2 Rc8 16. Bd2 e6 17. c4 Bxc4 18. Bxc4 Bxe5 19. fxe5 Qxd4+ 20. Be3 Qxc4 21. Qf2
Nd5 22. Bh6 Qc5 23. Qxc5 Rxc5 24. Bxf8 Kxf8 25. Rac1 Nc3 26. Kf2 b5 27. a3 a5
28. Ke3 b4 29. axb4 axb4 30. Kd4 Rd5+ 31. Kc4 Rxe5 32. Ra1 Nd5 33. Ra7 Rf5 34.
Rxf5 gxf5 35. Kd4 Kg7 36. Rb7 Kf6 37. Rb8 f4 38. Ke4 Kg7 39. Rb7 h5 40. Rb8 h4
41. h3 Kh7 1/2-1/2

[Event "DRUZYNOWE MISTRZOSTWA POLSKI - II LIGA 2018"]
[Site "Jastrzebia Gora"]
[Date "1899-12-30"]
[Round "4.64"]
[White "Putlak, Wojciech"]
[Black "Puczylowski, Marcin"]
[Result "1/2-1/2"]
[WhiteTitle "I++"]
[BlackTitle "k"]
[WhiteElo "2017"]
[BlackElo "2110"]

1. d4 d5 2. Nf3 Nf6 3. c4 e6 4. Nc3 Be7 5. Bg5 O-O 6. e3 b6 7. cxd5 Nxd5 8. Bxe7
Qxe7 9. Nxd5 exd5 10. Bd3 Bg4 11. O-O c5 12. h3 Be6 13. Rc1 c4 14. Bb1 Nd7 15.
e4 dxe4 16. Bxe4 Rac8 17. d5 Nf6 18. Qe1 Qb7 19. Bxh7+ Nxh7 20. dxe6 Rc5 21. exf7+
Qxf7 22. Rc3 Nf6 23. Re3 Nd5 24. Re5 Nf4 25. Rxc5 bxc5 26. Qe4 Nxh3+ 27. gxh3
Qxf3 28. Qxc4+ Kh8 29. Qh4+ Kg8 30. Qg3 Qe4 31. Kh2 Rf3 32. Qg4 Qd3 33. Kg2 Rf6
34. Rd1 Qc2 35. Rd8+ Kh7 36. Qh4+ Rh6 37. Qf4 Rg6+ 38. Kh2 Qb1 39. Qh4+ Rh6 40.
Qg5 Qf1 41. Qf5+ Rg6 42. Qh5+ Rh6 43. Qf5+ Qb1 44. Qg4 Rf6 45. Qc4 1/2-1/2

[Event "DRUZYNOWE MISTRZOSTWA POLSKI - II LIGA 2018"]
[Site "Jastrzebia Gora"]
[Date "1899-12-30"]
[Round "4.65"]
[White "Zurkowski, Andrzej"]
[Black "Paziak, Patryk"]
[Result "1-0"]
[WhiteTitle "k+"]
[BlackTitle "I"]
[WhiteElo "2048"]
[BlackElo "1803"]

1. d4 Nf6 2. Nf3 g6 3. Bg5 Bg7 4. Nc3 O-O 5. Qd2 d5 6. Bh6 Ne4 7. Nxe4 dxe4 8.
Bxg7 Kxg7 9. Ng5 Qd5 10. h4 h6 11. Nh3 Rd8 12. e3 Bg4 13. Be2 Bxe2 14. Qxe2 e5
15. O-O exd4 16. exd4 Qxd4 17. Rad1 Qf6 18. Rxd8 Qxd8 19. Qxe4 Nc6 20. h5 Qd4
21. Qxd4+ Nxd4 22. hxg6 fxg6 23. Re1 Kf7 24. Rd1 Rd8 25. Kf1 Ne6 26. Rxd8 Nxd8
27. Nf4 Ne6 28. Nd3 Kf6 29. c3 Kf5 30. g3 g5 31. f3 h5 32. Kg2 c5 33. Nf2 h4 34.
Ne4 Ke5 35. Nxg5 Ng7 36. gxh4 Kf4 37. Kf2 b6 38. Nh3+ Ke5 39. Kg3 c4 40. Kg4 b5
41. Kg5 a5 42. h5 b4 43. h6 Ne6+ 44. Kg6 a4 45. a3 1-0

[Event "DRUZYNOWE MISTRZOSTWA POLSKI - II LIGA 2018"]
[Site "Jastrzebia Gora"]
[Date "1899-12-30"]
[Round "4.66"]
[White "Mrozinska, Anna"]
[Black "Kasperek, Joanna"]
[Result "0-1"]
[WhiteTitle "I++"]
[BlackTitle "k++"]
[WhiteElo "1780"]
[BlackElo "2051"]

1. e4 c5 2. Nf3 e6 3. d4 cxd4 4. Nxd4 Nf6 5. Nc3 Bb4 6. Bd3 e5 7. Nf5 O-O 8. O-O
Bxc3 9. bxc3 d5 10. Ba3 Bxf5 11. exf5 Re8 12. Rb1 Qc7 13. Bb5 Nc6 14. Re1 a6 15.
Bxc6 Qxc6 16. Qd3 Rac8 17. Rb3 Ne4 18. Qh3 f6 19. c4 Qxc4 20. Rxb7 Qxc2 21. Rf1
Rb8 22. Qb3 Qxb3 23. Rxb3 Rxb3 24. axb3 Rb8 25. b4 Nd2 26. Rd1 Nc4 27. Bc1 Rxb4
28. Rxd5 Rb1 29. Rd1 Nd2 30. h4 Nb3 31. Rd8+ Kf7 32. Rd7+ Kf8 33. Rd8+ Ke7 34.
Rb8 Rxc1+ 35. Kh2 Na5 36. Rb6 Rc6 0-1

[Event "DRUZYNOWE MISTRZOSTWA POLSKI - II LIGA 2018"]
[Site "Jastrzebia Gora"]
[Date "1899-12-30"]
[Round "4.67"]
[White "Janaszak, Dawid"]
[Black "Zakrzewski, Marek"]
[Result "1/2-1/2"]
[WhiteTitle "FM"]
[BlackTitle "FM"]
[WhiteElo "2362"]
[BlackElo "2352"]

1. Nf3 c5 2. c4 Nc6 3. Nc3 g6 4. g3 Bg7 5. Bg2 e6 6. O-O Nge7 7. e3 O-O 8. d4 cxd4
9. Nxd4 Nxd4 10. exd4 d5 11. cxd5 Nxd5 12. Nxd5 exd5 13. Be3 Be6 14. Qd2 Qb6 15.
Rfc1 Rfc8 16. h4 h5 17. b3 Bf8 18. Rxc8 Rxc8 19. Rc1 Rxc1+ 20. Qxc1 Qa5 21. Qd2
Bb4 22. Qe2 Bc3 23. Kh2 Qb4 24. Qd1 a5 25. Bh3 Bxh3 26. Kxh3 b5 27. g4 hxg4+ 28.
Qxg4 Kg7 29. h5 Qd6 30. hxg6 Qxg6 31. Qf4 Qe6+ 32. Kg3 Bb4 33. Qg5+ Qg6 34. Kf3
Qxg5 35. Bxg5 Kg6 36. Be3 a4 37. bxa4 bxa4 38. Ke2 Kf5 39. f3 Bc3 40. Kd3 Ba5
41. Bh6 Kg6 42. Bf8 Kg5 43. Bd6 Kh4 44. Kc2 Kh3 45. Kb2 Kg2 46. f4 Kf3 47. Ka3
Ke4 48. Kxa4 Bb6 49. Bc5 Bd8 50. Kb5 Kxf4 51. a4 f5 52. Bb6 Bxb6 53. Kxb6 Ke4
54. a5 f4 55. a6 f3 56. a7 f2 57. a8=Q f1=Q 58. Qh8 Qc4 59. Qh4+ Kd3 60. Qg3+
Kxd4 61. Qg1+ Ke4 62. Qh1+ Ke5 63. Qh8+ Kf4 64. Qh4+ Ke3 65. Qe1+ Kf4 66. Qh4+
Kf3 67. Qh3+ Ke2 68. Qg2+ Kd1 69. Qg1+ Kc2 70. Qf2+ Kb3 71. Qf3+ Kb4 72. Qf8+
Kc3 73. Qh6 Qb3+ 74. Ka7 Qa3+ 75. Kb6 d4 76. Qc6+ Kb2 77. Qg2+ Kb3 78. Qd5+ Kc3
79. Qc6+ Kb2 80. Qg2+ Kc3 81. Qc6+ Kd2 82. Qg2+ Kc3 83. Qc6+ Kb2 84. Qg2+ Kb1
85. Qg1+ Qc1 86. Qxd4 Qb2+ 87. Qxb2+ Kxb2 1/2-1/2

[Event "DRUZYNOWE MISTRZOSTWA POLSKI - II LIGA 2018"]
[Site "Jastrzebia Gora"]
[Date "1899-12-30"]
[Round "4.68"]
[White "Hemmerling, Jaroslaw"]
[Black "Dudzinski, Piotr"]
[Result "0-1"]
[WhiteTitle "I++"]
[BlackTitle "FM"]
[WhiteElo "1910"]
[BlackElo "2304"]

1. e4 e5 2. Nf3 Nc6 3. Bc4 Bc5 4. O-O Nf6 5. Nc3 O-O 6. d3 h6 7. Be3 Bb6 8. h3
d6 9. Re1 Be6 10. Bb3 Ba5 11. Re2 Ne7 12. Nb1 Ng6 13. Nbd2 Qc8 14. Bxe6 Qxe6 15.
Nc4 Bb6 16. Nxb6 axb6 17. a3 Nh5 18. Kh2 Nhf4 19. Bxf4 Nxf4 20. Re3 f5 21. Nh4
fxe4 22. dxe4 g6 23. Qg4 Qxg4 24. hxg4 Kg7 25. c3 Ne6 26. f3 Nc5 27. Rf1 Rf6 28.
g3 Raf8 29. Ng2 Ne6 30. Ne1 Nc5 31. Kg2 Nb3 32. Rf2 Na5 33. Nd3 Nc4 34. Ree2 Rh8
35. Nb4 c6 36. Nd3 g5 37. Nc1 h5 38. gxh5 Rxh5 39. Kg1 Rfh6 40. Rh2 Rxh2 41. Rxh2
Rxh2 42. Kxh2 Nxb2 43. Nb3 d5 44. Nd2 b5 0-1

[Event "DRUZYNOWE MISTRZOSTWA POLSKI - II LIGA 2018"]
[Site "Jastrzebia Gora"]
[Date "1899-12-30"]
[Round "4.69"]
[White "Dudzinski, Pawel"]
[Black "Bajerlein, Dawid"]
[Result "1/2-1/2"]
[WhiteTitle "FM"]
[BlackTitle "k"]
[WhiteElo "2217"]
[BlackElo "2026"]

1. e4 c6 2. Nc3 d5 3. Nf3 Bg4 4. h3 Bxf3 5. Qxf3 e6 6. d4 Nf6 7. Bg5 Be7 8. O-O-O
Nxe4 9. Bxe7 Qxe7 10. Nxe4 dxe4 11. Qxe4 Nd7 12. f4 O-O-O 13. h4 Nf6 14. Qf3 Qb4
15. c3 Qa5 16. Bc4 g6 17. Rhe1 h5 18. Re5 Nd5 19. Bb3 b5 20. c4 bxc4 21. Bxc4
Kb8 22. Rd3 Ka8 23. Qd1 Rb8 24. g3 Rb4 25. Qc2 Rhb8 26. Bxd5 cxd5 27. Qc6+ R8b7
28. Qe8+ Rb8 29. Qc6+ R8b7 30. Qe8+ Rb8 1/2-1/2

[Event "DRUZYNOWE MISTRZOSTWA POLSKI - II LIGA 2018"]
[Site "Jastrzebia Gora"]
[Date "1899-12-30"]
[Round "4.70"]
[White "Bernat, Marcin"]
[Black "Zareba, Radoslaw"]
[Result "0-1"]
[WhiteTitle "k"]
[BlackTitle "I+"]
[WhiteElo "2080"]
[BlackElo "2110"]

1. d4 Nf6 2. c4 c5 3. d5 b5 4. cxb5 a6 5. bxa6 Bxa6 6. Nc3 d6 7. e4 Bxf1 8. Kxf1
g6 9. g3 Bg7 10. Kg2 O-O 11. Nf3 Nbd7 12. a4 Ng4 13. Qe2 Qb6 14. Bd2 c4 15. h3
Nge5 16. Nxe5 Nxe5 17. Nb5 Nd3 18. Bc3 Bxc3 19. Nxc3 f5 20. Rhf1 f4 21. f3 fxg3
22. Kxg3 Qd4 23. Kh2 Qe5+ 24. Kh1 Rf4 25. Rg1 Rh4 26. Rg4 Rxh3+ 27. Kg1 Rf8 28.
Rf1 Qh5 29. Qg2 Nf4 30. Rg5 Qh4 31. Qg4 Rh1# 0-1

[Event "DRUZYNOWE MISTRZOSTWA POLSKI - II LIGA 2018"]
[Site "Jastrzebia Gora"]
[Date "1899-12-30"]
[Round "4.71"]
[White "Chmielarz, Maciej"]
[Black "Glatty, Zbigniew"]
[Result "1/2-1/2"]
[WhiteTitle "I+"]
[BlackTitle "I"]
[WhiteElo "1946"]
[BlackElo "1823"]

1. d4 Nf6 2. c4 e6 3. Nc3 Bb4 4. a3 Bxc3+ 5. bxc3 c5 6. e3 O-O 7. Bd3 d6 8. e4
e5 9. d5 Re8 10. Bg5 Nbd7 11. Ne2 Nf8 12. f3 Ng6 13. h4 h6 14. Bd2 Nh5 15. g3
Qf6 16. Kf2 Qd8 17. Ng1 Nf6 18. h5 Nf8 19. Qc1 N8h7 20. Kg2 Qe7 21. Rb1 Bd7 22.
g4 Rab8 23. Ne2 Kh8 24. Ng3 Ng8 25. Nf5 Bxf5 26. gxf5 Ng5 27. Bc2 f6 28. Rb5 Qc7
29. Qb2 Ne7 30. Rb1 b6 31. a4 Nc8 32. Rb3 a5 33. Rb5 Ra8 34. Rxb6 Nxb6 35. Qxb6
Qxb6 36. Rxb6 Reb8 37. Rb5 Rxb5 38. cxb5 Nh7 39. c4 Nf8 40. Kf2 Nd7 41. Ke2 Nb6
42. Bb3 Kg8 43. Kd3 Kf7 44. Bd1 Ke7 45. Kc3 Kd7 46. Kb3 Kc7 47. Be2 Nd7 48. Bf1
Nf8 49. Bh3 Nh7 50. Kc2 Ng5 51. Bg4 Kb6 1/2-1/2

[Event "DRUZYNOWE MISTRZOSTWA POLSKI - II LIGA 2018"]
[Site "Jastrzebia Gora"]
[Date "1899-12-30"]
[Round "4.72"]
[White "Debowiak, Arleta"]
[Black "Czerwinska, Milena"]
[Result "1/2-1/2"]
[WhiteTitle "k+"]
[BlackTitle "WFM"]
[WhiteElo "1889"]
[BlackElo "2028"]

1. e4 d6 2. d4 Nf6 3. Nc3 e5 4. Nf3 Nbd7 5. Bc4 Be7 6. O-O O-O 7. a4 a5 8. Re1
c6 9. b3 Qc7 10. h3 Nb6 11. Bb2 Nfd7 12. Bf1 Re8 13. Qd2 Nf8 14. Ne2 Bf6 15. c4
Ne6 16. dxe5 dxe5 17. Qe3 Nd7 18. Red1 Ndc5 19. g3 g6 20. Bg2 Bg7 21. Rd2 f6 22.
Rad1 Bd7 23. Nc1 Rad8 24. Ne1 Bc8 25. Ned3 b6 26. Ba3 Bf8 27. Nxc5 Nxc5 28. Bb2
Rxd2 29. Rxd2 Rd8 30. Qe1 Be6 31. Qd1 Be7 32. Bc3 Rxd2 33. Qxd2 Qd7 34. h4 Qxd2
35. Bxd2 Bg4 36. f3 Bd7 37. Be3 Kf7 38. Bf1 Be6 39. Kf2 Bd6 40. Be2 Ke7 1/2-1/2

[Event "DRUZYNOWE MISTRZOSTWA POLSKI - II LIGA 2018"]
[Site "Jastrzebia Gora"]
[Date "1899-12-30"]
[Round "4.73"]
[White "Schmidt, Wlodzimierz"]
[Black "Borawski, Jakub"]
[Result "0-1"]
[WhiteTitle "GM"]
[BlackTitle "k"]
[WhiteElo "2250"]
[BlackElo "2150"]

1. d4 Nf6 2. c4 e6 3. Nc3 Bb4 4. e3 b6 5. Nge2 Bb7 6. a3 Be7 7. d5 O-O 8. Ng3 d6
9. Be2 Nbd7 10. O-O c6 11. e4 Re8 12. Be3 Bf8 13. Qd2 cxd5 14. exd5 Rc8 15. h3
a6 16. dxe6 fxe6 17. b4 Ne5 18. Na4 Nxc4 19. Bxc4 Rxc4 20. Nxb6 Rc6 21. Na4 Qd7
22. Nc3 Rec8 23. Rac1 Rc4 24. f3 d5 25. Nge2 e5 26. Na2 d4 27. Bf2 Qa4 28. Rxc4
Rxc4 29. Rc1 Rxc1+ 30. Qxc1 Bd5 31. Qb2 Qd1+ 32. Kh2 Bd6 33. Ng3 e4 34. Bxd4 exf3
0-1

[Event "DRUZYNOWE MISTRZOSTWA POLSKI - II LIGA 2018"]
[Site "Jastrzebia Gora"]
[Date "1899-12-30"]
[Round "4.74"]
[White "Daniel, Damian"]
[Black "Steczek, Marcin"]
[Result "1/2-1/2"]
[WhiteTitle "k"]
[BlackTitle "FM"]
[WhiteElo "2174"]
[BlackElo "2386"]

1. d4 Nf6 2. Bf4 b6 3. h3 Bb7 4. e3 c5 5. c3 g6 6. Nf3 Bg7 7. Nbd2 O-O 8. Bd3 d6
9. Bh2 Nbd7 10. O-O a6 11. a4 cxd4 12. exd4 Nd5 13. Qe2 Bh6 14. Ne4 Ra7 15. h4
N7f6 16. Nfg5 Qd7 17. f3 Nh5 18. f4 f5 19. Nd2 Ndf6 20. Ndf3 Bxg5 21. fxg5 Ng4
22. Bc4+ d5 23. Bb3 Nxh2 24. Kxh2 f4 25. Rfe1 Bc8 26. Kg1 Ng3 27. Qd3 Kg7 28.
Ne5 Qd6 29. Qf3 Be6 30. Bc2 Rc7 31. a5 b5 32. Nd3 Bf5 33. Qxf4 Be4 34. Qxd6 exd6
35. Nb4 Rcf7 36. Bxe4 dxe4 37. Re3 Nh5 38. Rxe4 Rf2 39. Nd3 Rd2 40. Re3 Nf4 41.
Re7+ Kg8 42. Nxf4 Rxf4 43. Rf1 Rxf1+ 44. Kxf1 Rxb2 45. Ra7 b4 46. cxb4 Rxb4 47.
d5 Rb5 48. Rxa6 Rxd5 49. Ra7 Rd4 50. a6 Ra4 51. Ke2 Ra3 52. g4 d5 53. h5 gxh5
54. gxh5 h6 55. g6 d4 56. Kd2 d3 57. Ke3 d2+ 58. Kxd2 Ra1 59. Kc3 Ra2 60. Kb4
Ra1 61. Kc5 Ra2 62. Kd6 Ra1 63. Ke5 Re1+ 64. Kf4 Rf1+ 65. Kg3 Ra1 66. g7 Ra2 67.
Kf4 Ra1 68. Kf5 Rf1+ 69. Ke6 Ra1 70. Kf6 Rf1+ 71. Kg6 Rg1+ 72. Kxh6 Rg6+ 73. hxg6
1/2-1/2

[Event "DRUZYNOWE MISTRZOSTWA POLSKI - II LIGA 2018"]
[Site "Jastrzebia Gora"]
[Date "1899-12-30"]
[Round "4.75"]
[White "Walaszczyk, Witold"]
[Black "Szmyd, Marek"]
[Result "1-0"]
[WhiteTitle "k"]
[BlackTitle "k"]
[WhiteElo "2100"]
[BlackElo "1921"]

1. d4 b6 2. g3 Bb7 3. Nf3 Nf6 4. Bg2 d6 5. O-O e6 6. c4 Be7 7. Nc3 O-O 8. Qc2 Nbd7
9. Rd1 Qc8 10. e4 e5 11. dxe5 Nxe5 12. Nxe5 dxe5 13. b3 Bc5 14. Bb2 Re8 15. Nd5
Nxd5 16. exd5 c6 17. Re1 cxd5 18. cxd5 Bd4 19. Qxc8 Raxc8 20. Bxd4 exd4 21. d6
Bxg2 22. d7 Bc6 23. Rxe8+ Rxe8 24. dxe8=Q+ Bxe8 25. Rd1 a5 26. Rxd4 b5 27. Kf1
Kf8 28. Ke2 a4 29. b4 1-0

[Event "DRUZYNOWE MISTRZOSTWA POLSKI - II LIGA 2018"]
[Site "Jastrzebia Gora"]
[Date "1899-12-30"]
[Round "4.76"]
[White "Zminda, Bogdan"]
[Black "Smagalski, Slawomir"]
[Result "0-1"]
[WhiteTitle "k"]
[BlackTitle "I+"]
[WhiteElo "1982"]
[BlackElo "1911"]

1. e4 e5 2. Nf3 Nc6 3. d4 exd4 4. Nxd4 Bc5 5. Nb3 Bb6 6. Qe2 d6 7. Be3 Nf6 8. Nc3
h6 9. f3 Be6 10. O-O-O Qe7 11. g4 O-O-O 12. Bxb6 axb6 13. Qb5 Kb8 14. Qa4 Na7
15. Nd4 c6 16. Nxe6 fxe6 17. Qd4 Qc7 18. h4 Nc8 19. Be2 e5 20. Qe3 b5 21. a3 Qa5
22. f4 b4 23. axb4 Qxb4 24. f5 Nb6 25. g5 Nfd7 26. b3 Nc5 27. Na2 Qxe4 28. Qxe4
Nxe4 29. Rhg1 Nf2 30. Rdf1 Nh3 31. Rg3 Nf4 32. Bd1 hxg5 33. Rxg5 Rxh4 34. Rxg7
Nbd5 35. Rfg1 Rhh8 36. Rf7 Rhf8 37. Rgg7 Rxf7 38. Rxf7 e4 39. c4 Nd3+ 40. Kd2
Ne5 41. Rg7 Nf6 42. Re7 Ned7 43. Nc3 d5 44. cxd5 cxd5 45. Ke3 Ng8 46. Rg7 Nh6
47. Kf4 Nc5 48. Kg5 d4 49. Nxe4 Nxf5 50. Kxf5 Rd5+ 51. Kf4 Ne6+ 52. Kf3 Nxg7 53.
Ke2 Ne6 54. Kd3 Rd8 55. Bg4 Nf4+ 56. Kd2 Kc7 57. Nc5 Re8 58. Bf3 b6 59. Ne4 Rh8
0-1

[Event "DRUZYNOWE MISTRZOSTWA POLSKI - II LIGA 2018"]
[Site "Jastrzebia Gora"]
[Date "1899-12-30"]
[Round "4.77"]
[White "Smagalski, Jaroslaw"]
[Black "Borowski, Przemyslaw"]
[Result "1-0"]
[WhiteTitle "I"]
[BlackTitle "I"]
[WhiteElo "1916"]
[BlackElo "1807"]

1. e4 c6 2. d4 d5 3. e5 Bf5 4. Ne2 c5 5. Ng3 Bg6 6. Bb5+ Nc6 7. c3 e6 8. O-O Qb6
9. Qa4 a6 10. Bxc6+ bxc6 11. dxc5 Bxc5 12. b4 Be7 13. Be3 Qc7 14. Rd1 Nh6 15.
Re1 Nf5 16. Nxf5 Bxf5 17. Nd2 O-O 18. Nf3 Rfc8 19. Rac1 a5 20. b5 cxb5 21. Qxb5
Ba3 22. Rcd1 Qxc3 23. Qe2 Rab8 24. Nd4 Rb2 25. Qa6 Bc2 26. Rd2 Rcb8 27. h4 h6
28. Rc1 Rc8 29. Rdxc2 Rxc2 30. Rxc2 Qa1+ 31. Qf1 Qxf1+ 32. Kxf1 Rb8 33. Ke2 Be7
34. Nc6 1-0

[Event "DRUZYNOWE MISTRZOSTWA POLSKI - II LIGA 2018"]
[Site "Jastrzebia Gora"]
[Date "1899-12-30"]
[Round "4.78"]
[White "Czaplewska, Klara"]
[Black "Bukowska, Katarzyna"]
[Result "1/2-1/2"]
[WhiteTitle "k+"]
[BlackTitle "k++"]
[WhiteElo "1873"]
[BlackElo "1914"]

1. e4 e5 2. Nf3 Nc6 3. Bb5 a6 4. Ba4 Nf6 5. O-O Be7 6. c3 Nxe4 7. Re1 Nf6 8. Nxe5
Nxe5 9. Rxe5 O-O 10. d4 Bd6 11. Re1 b5 12. Bc2 Re8 13. Bg5 Rxe1+ 14. Qxe1 Bb7
15. Qe2 Qe8 16. Qxe8+ Rxe8 17. Nd2 h6 18. Bxf6 gxf6 19. Bd3 b4 20. c4 c5 21. d5
Be5 22. Rb1 Bc8 23. Kf1 d6 24. Ne4 f5 25. Ng3 f4 26. Ne4 Kg7 27. Nd2 Bd7 28. Nf3
Bg4 29. Re1 Bxf3 30. gxf3 Kf6 31. b3 Rg8 32. h3 Rg5 33. Bc2 Rg8 34. Bd3 a5 35.
Bc2 Kg5 36. Kg2 Kh4+ 37. Kh2 Rg7 38. Bf5 Kg5 39. Bd3 Kf6 40. Bc2 Rg8 41. Bd3 Rg5
42. Bc2 Bd4 43. Re4 Bxf2 44. Rxf4+ Ke7 45. Rg4 Rxg4 46. hxg4 Kf6 47. f4 Be1 1/2-1/2